| 000 | 01557cam a22003494a 4500 | ||
|---|---|---|---|
| 001 | 13825734 | ||
| 005 | 20170105102910.0 | ||
| 008 | 041227s2005 nyuab b 001 0 eng | ||
| 010 | _a 2004275974 | ||
| 020 | _a0143034669 (pbk.) | ||
| 020 | _a9780143034667 | ||
| 040 |
_aDLC _cDLC _dDLC |
||
| 042 | _apcc | ||
| 043 |
_aa-af--- _an-us--- |
||
| 050 | 0 | 0 |
_aDS371.2 _b.C63 2005 |
| 082 | 0 | 0 |
_a958.104/5 _222 |
| 100 | 1 | _aColl, Steve. | |
| 245 | 1 | 0 |
_aGhost wars : _bthe secret history of the CIA, Afghanistan, and bin Laden, from the Soviet invasion to September 10, 2001 / _cSteve Coll. |
| 260 |
_aNew York, NY : _bPenguin Books, _c2005. |
||
| 300 |
_axvii, 712 p. : _bill., maps ; _c22 cm. |
||
| 500 | _a"Updated with new documents from the 9/11 Commission"--Cover. | ||
| 504 | _aIncludes bibliographical references (p. [667]-679) and index. | ||
| 600 | 1 | 0 |
_aBin Laden, Osama, _d1957-2011. |
| 610 | 1 | 0 |
_aUnited States. _bCentral Intelligence Agency. |
| 651 | 0 |
_aAfghanistan _xHistory _ySoviet occupation, 1979-1989. |
|
| 651 | 0 |
_aAfghanistan _xHistory _y1989-2001. |
|
| 856 | 4 | 2 |
_3Contributor biographical information _uhttp://www.loc.gov/catdir/enhancements/fy0716/2004275974-b.html |
| 856 | 4 | 2 |
_3Publisher description _uhttp://www.loc.gov/catdir/enhancements/fy0716/2004275974-d.html |
| 906 |
_a7 _bcbc _corigcop _d1 _encip _f20 _gy-gencatlg |
||
| 942 |
_2ddc _cBK |
||
| 999 |
_c15098 _d15098 |
||